00331 a2200145 4500260001400000100002200014260003500036300001300071245002100084650002200105300002400127260000900151130000700160020001800167 aCambridge aSOUTHGATE, D.A.T. bThe Royal Society of Chemistry aIX-174p. aDietery Analysis aNUTRITION HUMAINE bcouv. ill. en coul. c1995 lEn ao-85404-556-2